Strategic Management and Business Policy: Globalization, Innovation and Sustainability / (Record no. 32047)

000 -LEADER
fixed length control field 00797 a2200253 4500
003 - CONTROL NUMBER IDENTIFIER
control field OSt
005 - DATE AND TIME OF LATEST TRANSACTION
control field 20260210125858.0
008 - FIXED-LENGTH DATA ELEMENTS--GENERAL INFORMATION
fixed length control field 260210b ||||| |||| 00| 0 eng d
020 ## - INTERNATIONAL STANDARD BOOK NUMBER
International Standard Book Number 978-93-615-9612-4
040 ## - CATALOGING SOURCE
Transcribing agency .
082 ## - DEWEY DECIMAL CLASSIFICATION NUMBER
Classification number 658.4012
Item number B1996
100 ## - MAIN ENTRY--PERSONAL NAME
9 (RLIN) 6571
Personal name Bamford,Charles E.
245 ## - TITLE STATEMENT
Title Strategic Management and Business Policy: Globalization, Innovation and Sustainability /
Statement of responsibility, etc. Charles E. Bamford et al.
250 ## - EDITION STATEMENT
Edition statement 16th ed.
260 ## - PUBLICATION, DISTRIBUTION, ETC.
Name of publisher, distributor, etc. Pearson India Education Services pvt ltd,
Place of publication, distribution, etc. Noida :
Date of publication, distribution, etc. 2025.
300 ## - PHYSICAL DESCRIPTION
Extent 412+I12 p.
650 #0 - SUBJECT ADDED ENTRY--TOPICAL TERM
9 (RLIN) 2264
Topical term or geographic name entry element Strategic Management
9 (RLIN) 6576
Topical term or geographic name entry element Business Policy
700 ## - ADDED ENTRY--PERSONAL NAME
9 (RLIN) 6572
Personal name Hoffman, Alan N.
9 (RLIN) 6573
Personal name Wheelen, Thomas L.
9 (RLIN) 6574
Personal name Hunger, J. David
9 (RLIN) 6575
Personal name Kansal, Purva
942 ## - ADDED ENTRY ELEMENTS (KOHA)
Source of classification or shelving scheme
Koha item type Books
Holdings
Withdrawn status Lost status Source of classification or shelving scheme Damaged status Not for loan Collection code Permanent Location Current Location Shelving location Date acquired Source of acquisition Cost, normal purchase price Full call number Barcode Date last seen Cost, replacement price Price effective from Koha item type
          Non-fiction IMU Kolkata IMU Kolkata Reference 2026-02-26 2 566.16 658.4012 B1996 14751 2026-02-26 840.00 2026-02-26 Books
          Non-fiction IMU Kolkata IMU Kolkata   2026-02-26 2 566.16 658.4012 B1996 14752 2026-02-26 840.00 2026-02-26 Books
          Non-fiction IMU Kolkata IMU Kolkata   2026-02-26 2 566.16 658.4012 B1996 14753 2026-02-26 840.00 2026-02-26 Books
          Non-fiction IMU Kolkata IMU Kolkata   2026-02-26 2 566.16 658.4012 B1996 14754 2026-02-26 840.00 2026-02-26 Books
Designed and Maintained by IMU-KC Library, Kolkata Campus © Copyright All Rights Reserved

webs counters

Powered by Koha